000 00646nam a2200265Ia 4500
005 20260121170227.0
008 008 260114s9999 xx 000 0 eng d
020 _a9781484232767
037 _aEBOOK
040 _aCRL
040 _beng
040 _cCRL
041 _2eng
041 _aeng
084 _qCRL
100 _aAndy Leonard
_91061336
245 0 _aData Integration Life Cycle Management with SSIS
260 _bSpringer
260 _bSpringer
260 _c2018
856 _uhttps://link.springer.com/openurl?genre=book&isbn=978-1-4842-3276-7
942 _cEBOOK
999 _c1627065
_d1627065